[Event "Koblenz-ch"]
[Site "Koblenz"]
[Date "2002.12.12"]
[Round "7"]
[White "Bachmann, Anatoli"]
[Black "Birnstiel, Karl"]
[Result "1/2-1/2"]
[WhiteElo "1604"]
[BlackElo "1883"]
[PlyCount "55"]
[EventDate "2002.10.17"]
[EventType "swiss"]
[EventRounds "7"]
[EventCountry "GER"]
[SourceTitle "EXT 2005"]
[Source "ChessBase"]
[SourceDate "2004.11.15"]
[SourceVersion "1"]
[SourceVersionDate "2004.11.15"]
[SourceQuality "1"]

1. e4 c5 2. Nf3 d6 3. Nc3 Nf6 4. d4 cxd4 5. Nxd4 a6 6. Be3 e5 7. Nb3 Be7 8. Be2 0-0 9. 0-0 b5 10. f3 Bb7 11. Qd2 Nbd7 12. a3 Rc8 13. Rfd1 Qc7 14. Rac1 Rcd8 15. Bd3 Nc5 16. Qf2 Nfd7 17. Nxc5 dxc5 18. Bf1 Nf6 19. Rxd8 Rxd8 20. Rd1 Rxd1 21. Nxd1 c4 22. Qd2 Qd6 23. Qxd6 Bxd6 24. a4 Nd7 25. axb5 axb5 26. Nc3 Bc6 27. Nd1 Nc5 28. Kf2 1/2-1/2